|
|
|
|
| LEADER |
00561cam a2200169 7i4500 |
| 001 |
0000016830 |
| 005 |
20060119090000.0 |
| 022 |
0 |
0 |
|a 1740-8377
|
| 090 |
0 |
0 |
|a NAMB 330.9
|b NAM
|
| 245 |
0 |
0 |
|a Namibia :
|b EIU country profile 2005.
|
| 260 |
0 |
0 |
|a London:
|b The Economist Intelligence Unit,
|c 2005.
|
| 300 |
# |
# |
|a 81 p.
|
| 650 |
0 |
0 |
|a Namibia --
|x Country profile
|
| 651 |
0 |
0 |
|a Namibia
|
| 999 |
|
|
|a SBH000372B
|b Book
|c Countries
|e MATRADE Sabah
|
| 999 |
|
|
|a PNG000381B
|b Book
|c Countries
|e MATRADE Northern Regional Office
|
| 999 |
|
|
|a B000018258
|b Book
|c Countries
|e Business Information Centre
|